000 01108cam a2200301 a 4500
001 000002572
005 20200929150221.0
008 760508s1975 sp b 001 0 spa
020 _a8424906578
020 _a8424906586
040 _aDO-SdBNP
_bspa
_cBNPHU
041 1 7 _aspa
_hger
082 _a401.41
_bT758s
100 1 _aTrabant, Jürgen
_98098
240 1 0 _aZur Semiologie des literarischen Kunstwerks.
_lEspañol
245 1 0 _aSemiología de la obra literaria :
_bglosemática y teoría de la literatura /
_cJürgen Trabant ; traducción y prólogo de José Rubio Sáez.
260 _aMadrid :
_bGredos,
_c1975.
300 _a370 p. ;
_c20 cm.
440 0 _aBiblioteca románica hispánica :
_pII. Estudios y ensayos ;
_v235
_98099
534 _pTítulo original:
_tZur Semiologie des literarischen Kunstwerks.
504 _aBibliografía: p. [343]-359.
650 4 _aSemiótica
_94668
650 4 _aSemiótica y literatura
_98100
650 4 _aEstilo literario
_95690
700 1 _aRubio Sáez, José,
_etr.
_98101
910 _aCatalogación por copia / LC
910 _aJornada de catalogación
999 _c2408
_d2408